Diccionario Merriam Webster español-inglés (Registro nro. 8778)
[ vista simple ]
| 000 -CABECERA | |
|---|---|
| campo de control de longitud fija | 00470nam a22001697a 4500 |
| 005 - FECHA Y HORA DE ACTUALIZACIÓN | |
| campo de control | 20230411171420.0 |
| 008 - LONGITUD FIJA | |
| campo de control de longitud fija | 170120b2003 xxu||||| |||| 00| 0 spa d |
| 020 ## - INTERNATIONAL STANDARD BOOK NUMBER | |
| Número Internacional Estándar del Libro | 9780877799207 |
| 041 ## - IDIOMA | |
| Código de idioma del texto/pista de sonido o título separado | Español |
| -- | Inglés |
| 082 ## - CLASIFICACIÓN DECIMAL DEWEY | |
| Número de clasificación | R 423 D545d |
| 245 ## - TÍTULO PROPIAMENTE DICHO | |
| Título | Diccionario Merriam Webster español-inglés |
| 260 ## - PIE DE IMPRENTA | |
| Lugar de publicación, distribución, etc. | Estados Unidos |
| Nombre del editor, distribuidor, etc. | Merriam Webster |
| Fecha de publicación, distribución, etc. | 2003 |
| 300 ## - DESCRIPCIÓN FÍSICA | |
| Extensión | 740 páginas |
| 650 ## - Materia General | |
| Materia general | DICCIONARIO ESPAÑOL-INGLÉS |
| 650 ## - Materia General | |
| Materia general | DEFINICIONES |
| 942 ## - Punto de Acceso Adicional Koha | |
| Tipo de ítem Koha | Referencia |
| Estado perdido | Estado dañado | No para préstamo | Biblioteca permanente | Biblioteca actual | Signatura completa | Código de barras | Precio efectivo a partir del | Tipo de ítem |
|---|---|---|---|---|---|---|---|---|
| Departamento de Biblioteca y Documentación Alfonso Chase Brenes | Departamento de Biblioteca y Documentación Alfonso Chase Brenes | R 423 D545d | 18118 | 20/01/2017 | Referencia | |||
| Departamento de Biblioteca y Documentación Alfonso Chase Brenes | Departamento de Biblioteca y Documentación Alfonso Chase Brenes | R 423 D545d | 18119 | 20/01/2017 | Referencia | |||
| Departamento de Biblioteca y Documentación Alfonso Chase Brenes | Departamento de Biblioteca y Documentación Alfonso Chase Brenes | R 423 D545d | 18120 | 20/01/2017 | Referencia | |||
| Departamento de Biblioteca y Documentación Alfonso Chase Brenes | Departamento de Biblioteca y Documentación Alfonso Chase Brenes | R 423 D545d | 18121 | 20/01/2017 | Referencia | |||
| Departamento de Biblioteca y Documentación Alfonso Chase Brenes | Departamento de Biblioteca y Documentación Alfonso Chase Brenes | R 423 D545d | 5383 | 20/01/2017 | Referencia | |||
| Departamento de Biblioteca y Documentación Alfonso Chase Brenes | Departamento de Biblioteca y Documentación Alfonso Chase Brenes | R 423 D545d | 5375 | 20/01/2017 | Referencia | |||
| Departamento de Biblioteca y Documentación Alfonso Chase Brenes | Departamento de Biblioteca y Documentación Alfonso Chase Brenes | R 423 D545d | 5483 | 20/01/2017 | Referencia | |||
| Departamento de Biblioteca y Documentación Alfonso Chase Brenes | Departamento de Biblioteca y Documentación Alfonso Chase Brenes | R 423 D545d | 5385 | 20/01/2017 | Referencia | |||
| Departamento de Biblioteca y Documentación Alfonso Chase Brenes | Departamento de Biblioteca y Documentación Alfonso Chase Brenes | R 423 D545d | 5381 | 20/01/2017 | Referencia | |||
| Departamento de Biblioteca y Documentación Alfonso Chase Brenes | Departamento de Biblioteca y Documentación Alfonso Chase Brenes | R 423 D545d | 5387 | 20/01/2017 | Referencia |